000
00259 a2200097 4500
001
39965
100
_a
Gopinath M A
245
_a
Construction of Depth Version of Colon Classification
260
_a
New Delhi
_b
Wiley Eastern Ltd
_c
1986
090
_c
24955
_d
24955
942
_a
NUST-CAE
_c
M
_c
16619
999
_c
275038
_d
275038